Statistics for Western TV Shows 1950's, 1960's

Click here to take the quiz!

General Stats

  • This quiz has been taken 38 times
  • The average score is 4 of 15

Answer Stats

Clues:Answer:% Correct
Virginia City, Lake Tahoe mapBonanza
77%
In radio version of this tv series lead actor was William ConradGunsmoke
74%
Nellie's mom ran a general storeLittle House on the prairie
61%
Ed Ames, Fess ParkerDaniel Boone
32%
Story of a boy & a horse: Peter Graves co-starredFury
32%
Hey Boy, chess pieceHave gun will travel
26%
20 Mule team boraxDeath Valley Days
23%
Tagg, LoftyAnnie Oakley
19%
Sherman ranchLaramie
19%
Story of a boy & a horse: McLaughlin ranchMy friend Flicka
19%
Story of a boy & a horse: Uncle Sandy NorthAdventures of Champion
13%
Rusty, Rip MastersRin Tin Tin
10%
Stage coaches: Jim Hardie, think banksTales of Wells Fargo
10%
Stories were narrated by a newspaper editorTombstone Territory
3%
Stage coaches: Davey & SImon KaneStagecoach West
0%

Score Distribution

Percentile by Number Answered

Percent of People with Each Score

Your Score History

You have not taken this quiz